Latín básico oral-auditivo : sintaxis /
保存先:
| 第一著者: | |
|---|---|
| フォーマット: | 図書 |
| 出版事項: |
Guadalajara, México : Puente Grande, México : México :
ITESO ; Instituto de Literatura ; Progreso,
1968, c1968
|
| 版: | Título en la cubierta: Latín básico: sintaxis |
| 主題: | |
| タグ: |
タグなし, このレコードへの初めてのタグを付けませんか!
|
MARC
| LEADER | 00000nam^a2200000^a^4500 | ||
|---|---|---|---|
| 001 | 000613904 | ||
| 005 | 20250521000000.0 | ||
| 009 | 20260310133630.826 | ||
| 035 | |a 020769 | ||
| 035 | |a 020770 | ||
| 035 | |a 020771 | ||
| 035 | |a 020772 | ||
| 035 | |a 020774 | ||
| 037 | |a Acervo Xavier Clavigero | ||
| 082 | |a 475. |b SAN | ||
| 100 | |a Sánchez Villaseñor, Luis |e (autor) | ||
| 245 | 1 | 0 | |a Latín básico oral-auditivo : |b sintaxis / |c L. Sánchez Villaseñor. |
| 250 | |a Título en la cubierta: Latín básico: sintaxis | ||
| 264 | 4 | |a Guadalajara, México : |b ITESO ; |a Puente Grande, México : |b Instituto de Literatura ; |a México : |b Progreso, |c 1968, c1968 | |
| 300 | |a 217 p. | ||
| 336 | |a texto |b txt |2 rdacontenido | ||
| 337 | |a sin mediación |b n |2 rdamedio | ||
| 338 | |a volumen |b nc |2 rdasoporte | ||
| 515 | |a Ejemplar número 1268 de un tiraje de 3000 | ||
| 515 | |a Ejemplar número 1287 de un tiraje de 3000 | ||
| 515 | |a Ejemplar número 2340 de un tiraje de 3000 | ||
| 515 | |a Ejemplar número 2481 de un tiraje de 3000 | ||
| 515 | |a Ejemplar número 2724 de un tiraje de 3000 | ||
| 561 | |a Ex libris de Bibl. Iunioratus Dom. Prob. S. Ioseph, ejemplares 1, 2, 3, 4 y 5 | ||
| 561 | |a Ex libris de Instituto de Literatura Puente Grande, Jal., ejemplares 1, 2, 3, 4 y 5 | ||
| 649 | |a XX | ||
| 650 | |a Latín - |x Sintaxis - |x Tema Principal | ||
| 650 | |a Latín - |x Gramática | ||
| 650 | |a Latín - |x Composición y Ejercicios - |x Tema Principal | ||
| 650 | |a Latín - |x Estudio y Enseñanza | ||
| 650 | |a Lenguas Itálicas - |x Estudio y Enseñanza | ||
| 650 | |a Lenguas Indo-Europeas - |x Estudio y Enseñanza | ||
| 650 | |a Lenguas | ||
| 650 | |a Literatura Latina - |x Citas, Máximas, etc. | ||
| 650 | |a Literatura Clásica - |x Citas, Máximas, etc. | ||
| 650 | |a Gramática | ||
| 650 | |a Lingüística | ||
| 910 | |a Fondo General | ||
| 920 | |a Impresos - Libros | ||
| 930 | |a Colección General | ||
| 905 | |a 101 | ||
| 901 | |a 020769 |b IT1 |c ACC |i 20769 |u 20250521 | ||
| 901 | |a 020770 |b IT1 |c ACC |i 20770 |u 20250521 | ||
| 901 | |a 020771 |b IT1 |c ACC |i 20771 |u 20250521 | ||
| 901 | |a 020772 |b IT1 |c ACC |i 20772 |u 20250521 | ||
| 901 | |a 020774 |b IT1 |c ACC |i 20774 |u 20250521 | ||
| 902 | |a https://opac.biblio.iteso.mx/vufind/Record/000613904 | ||